El tio Willibrord / (Registro nro. 8445)
[ vista simple ]
| 000 -LIDER | |
|---|---|
| fixed length control field | 01008nam a22003257a 4500 |
| 003 - IDENTIFICACDOR DE NÚMERO DE CONTROL | |
| control field | DO-SdBPM |
| 005 - DATE AND TIME OF LATEST TRANSACTION | |
| control field | 20250409121037.0 |
| 008 - ELEMENTOS DE LONGITUD FIJA | |
| fixed length control field | 180220b 1992 sp a || 00| 0 spa d |
| 020 ## - ISBN | |
| International Standard Book Number | 8434810034 |
| 040 ## - FUENTE DE CATALOGACIÓN | |
| Agencia que crea de manera original el registro | DO-SdBPM |
| Idioma de catalogación | spa |
| Agencia que realiza la transcripción | BPMSU |
| 082 #4 - NÚMERO DE CLASIFICACIÓN DECIMAL DE DEWEY | |
| Classification number | 839.313 |
| Item number | T318ti 1996 |
| Edition number | 22 |
| 100 1# - ASIENTO PRINCIPAL -- NOMBRE PERSONAL | |
| Término de relación | Terlouw, Jan |
| Fechas asociadas con el nombre | 1931- |
| 240 1# - TITULO UNIFORME | |
| Título uniforme | Oom Willibrord / |
| 245 ## - MENCIÓN DE TITULO | |
| Título | El tio Willibrord / |
| Mención de responsabilidad | Jan Terlouw ; traducción Teodoro Larriba ; ilustraciones Ingrid Schubert y Dieter Schubert |
| 250 ## - MENCIÓN DE EDICION | |
| Mención de edición | 11a. ed. |
| 260 ## - PUBLICACIÓN, DISTRIBUCIÓN, ETC. (PIE DE IMPRENTA) | |
| Lugar de publicación, distribución, etc | Madrid : |
| Nombre del editor, distribuidor, etc. | SM, |
| Fecha de publicación, distribución, etc | 1992. |
| 300 ## - DESCRIPCIÓN FÍSICA | |
| Extensión | 132 p. : |
| Otros detalles físicos | il. ; |
| Medida de la unidad | 20 cm |
| 490 0# - MENCIÓN DE SERIES | |
| Mención de serie | El barco de vapor; |
| -- | Naranja, |
| Volume/sequential designation | 12 |
| 521 ## - TARGET AUDIENCE NOTE | |
| Target audience note | A partir de 9 años. |
| 590 ## - NOTA LOCAL | |
| Texto de la nota local | Inventariado, 2025/VM |
| 650 #4 - ENCABEZAMIENTO DE MATERIA--TEMÁTICO | |
| Término temático o nombre geográfico como elemento de entrada | Cuentos juveniles holandeses |
| 700 1# - ASIENTO SECUNDARIO -- NOMBRE PERSONAL | |
| Nombre personal | Larriba, Teodoro |
| Mención de responsabilidad | trad. |
| 700 1# - ASIENTO SECUNDARIO -- NOMBRE PERSONAL | |
| Nombre personal | Schubert, Ingrid |
| Mención de responsabilidad | il. |
| 700 1# - ASIENTO SECUNDARIO -- NOMBRE PERSONAL | |
| Nombre personal | Schubert, Dieter |
| Mención de responsabilidad | il. |
| 830 #0 - ASIENTO SECUNDARIO DE SERIE--TÍTULO UNIFORME | |
| Título uniforme | El barco de vapor |
| Volume number/sequential designation | 12 |
| 830 #0 - ASIENTO SECUNDARIO DE SERIE--TÍTULO UNIFORME | |
| Título uniforme | Naranja |
| 942 ## - ADDED ENTRY ELEMENTS (KOHA) | |
| Source of classification or shelving scheme | Dewey Decimal Classification |
| Koha item type | Libros |
| 945 ## - INFORMACIÓN DE PROCESAMIENTO LOCAL | |
| Información de procesamiento local | Inventariado, 2018/ YL |
| 956 ## - LOCAL ELECTRONIC LOCATION AND ACCESS (OCLC) | |
| Nombre de host | YLOCKWARD |
| Número de acceso | 10 |
| Información de compresión | BPMSU |
| Withdrawn status | Lost status | Source of classification or shelving scheme | Damaged status | Not for loan | Collection code | Home library | Current library | Date acquired | Total Checkouts | Full call number | Barcode | Date last seen | Copy number | Price effective from | Koha item type |
|---|---|---|---|---|---|---|---|---|---|---|---|---|---|---|---|
| Dewey Decimal Classification | Colección Infantil General | Biblioteca Pública Metropolitana Salomé Ureña | Biblioteca Pública Metropolitana Salomé Ureña | 04/09/2025 | BPMSU CGI 839.313 T318ti 1996 | BPM25040033 | 04/09/2025 | 04/09/2025 | Libros |